Selected speeches and papers: eighth annual conference of district chief executives (Record no. 411)

MARC details
000 -LEADER
fixed length control field 00485nam a2200169Ia 4500
008 - FIXED-LENGTH DATA ELEMENTS--GENERAL INFORMATION
fixed length control field 240428s9999||||xx |||||||||||||| ||und||
020 ## - INTERNATIONAL STANDARD BOOK NUMBER
International Standard Book Number -
041 ## - LANGUAGE CODE
Language code of text/sound track or separate title eng
082 ## - DEWEY DECIMAL CLASSIFICATION NUMBER
Classification number 302.2S
100 ## - MAIN ENTRY--PERSONAL NAME
Personal name Baah-Wiredu, Kwadwo (ed)
245 #0 - TITLE STATEMENT
Title Selected speeches and papers: eighth annual conference of district chief executives
260 ## - PUBLICATION, DISTRIBUTION, ETC.
Name of publisher, distributor, etc. 2001
Place of publication, distribution, etc. Sunyani
Date of publication, distribution, etc. 2002
300 ## - PHYSICAL DESCRIPTION
Extent 98p.:diags. photos,
650 ## - SUBJECT ADDED ENTRY--TOPICAL TERM
Topical term or geographic name entry element Speeches -Kufuor Administration - District Chief E
942 ## - ADDED ENTRY ELEMENTS (KOHA)
Koha item type Conference Papers and Reports
Holdings
Withdrawn status Lost status Damaged status Not for loan Home library Current library Shelving location Date acquired Total checkouts Full call number Date last seen Copy number Price effective from Koha item type
        Main Library Main Library Open Shelves 18/11/2021   302.2S 1124 C1 - 302.2S 1125 C2 29/04/2024 1 29/04/2024 Conference Papers and Reports
©2026  Parliament of Ghana Library - All rights reserved